000 00557nam a2200181Ia 4500
008 151018s9999 xx 000 0 und d
082 _bRBASDV17757
_a891.463
100 _aभास्कर चंदनशिव
245 _aमरणकळा
250 _b1
260 _bसुरेश एजन्सी पुणे
_c1983
300 _a149
600 _aभास्कर चंदनशिव
630 _aमरणकळा
700 _aभास्कर चंदनशिव
730 _aमरणकळा
942 _cBOOK
999 _c1018435
_d1018432